Countries that Start with K - Map Quiz - Statistics

General Stats
  • This quiz has been taken 104 times
  • The average score is 6 of 6
Answers on the Map
Answers color-coded by a green-red scale on the quiz's map according to % correct below.
 
Answer Stats
Country % Correct
Kazakhstan
100%
Kenya
99%
Kyrgyzstan
94%
Kosovo
93%
Kiribati
92%
Kuwait
88%
No matching quizzes found
Score Distribution
Percent of People with Each Score
Percentile by Number Answered
Your Score History
You have not taken this quiz